Statistiken für Rückblick 2022 - Länder zuordnen (Asien & Ozeanien)

Klicken Sie hier um das Quiz zu spielen!

Allgemein

  • Dieses Quiz wurde 38 mal gespielt
  • Das Durchschnittsergebnis liegt bei 8 aus 15

Antwortstatistiken

HintAntwort% Korrekt
China ist verärgert, als die US-Politikerin Nancy Pelosi diesen Inselstaat besucht.Taiwan
94%
Dieses Land ist Austragungsort der Fußball-Weltmeisterschaft.Katar
88%
Hunderte Millionen Menschen sind gezwungen, aufgrund der strikten Covid-Zero-Politik wochenlang zu Hause zu bleiben.China
82%
Benjamin Netanjahu siegt mit der rechten Partei Likud in der Parlamentswahl.Israel
74%
Nach dem Tod von Mahsa Amini, verursacht durch Polizeigewalt, kommt es zu monatelangen gewalttätigen Protesten.Iran
71%
Der ehemalige Premierminister Shinzo Abe wird ermordet.Japan
68%
Der Vulkanausbruch des Hunga Tonga ist weltweit der stärkste seit 30 Jahren.Tonga
68%
Die Inflation steigt auf über 80 %, da der Wert der Landeswährung abstürzt.Türkei
56%
Bei einem Brückeneinsturz kommen im Bundesstaat Gujarat mind. 135 Menschen ums Leben.Indien
53%
Bei einem Massengedränge an Halloween sterben 159 Menschen.Südkorea
47%
Bei einer Massenpanik in einem Fußballstadion sterben 135 Menschen, 583 Menschen werden verletzt.Indonesien
24%
Proteste und Unruhen führen zur Bildung einer neuen RegierungKasachstan
24%
Es ereignen sich zwei Erdbeben, bei denen insgesamt 1077 Menschen sterben.Afghanistan
21%
Über 1.739 Menschen sterben bei Überschwemmungen aufgrund heftiger Monsunregen und schmelzender Gletscher.Pakistan
9%
Bei einem Massaker in einer Kindertagesstätte erschießt ein entlassener Polizist 37 Menschen, darunter mehr als 20 Kinder.Thailand
9%

Verteilung der Resultate

Perzentil nach korrekt beantworteten Fragen

Anzahl Personen mit jedem Resultat

Ihre Resultats-Entwicklung

Sie haben dieses Quiz noch nicht gespielt